| Поле | Название | Значение |
| |
Тип записи |
a |
| |
Библиографический уровень |
m |
| 001 |
Контрольный номер |
e792e604f2ce4f329ef968797d72464b |
| 005 |
Дата корректировки |
20140528153710.5 |
| 010 |
Индекс ISBN |
__ |
| a |
ISBN |
978-5-94125-129-2 |
| 200 |
Заглавие и сведения об ответственности |
1_ |
| a |
Заглавие |
Индустрия туризма: перевозки |
| f |
Первые сведения об ответственности |
М. Б. Биржаков, В. И. Никифоров |
| g |
Последующие сведения об ответственности |
Междунар. туристская акад. |
| 210 |
Выходные данные |
1_ |
| c |
Издательство |
Герда |
| a |
Место издания |
Москва |
| x |
|
СПб. |
| d |
Дата издания |
2007 |
| 215 |
Физическое описание |
__ |
| a |
Объем |
521 с. |
| e |
Сопроводительные материалы |
CD-диск |
| 610 |
Ключевые слова |
0_ |
| a |
Ключевые слова |
туризм |
| 610 |
Ключевые слова |
0_ |
| a |
Ключевые слова |
индустрия туризма |
| 610 |
Ключевые слова |
0_ |
| a |
Ключевые слова |
перемещение человека |
| 610 |
Ключевые слова |
0_ |
| a |
Ключевые слова |
транспортные услуги |
| 610 |
Ключевые слова |
0_ |
| a |
Ключевые слова |
перевозки туристов |
| 686 |
Индексы других классификаций |
__ |
| a |
Классификационный индекс |
75.814 |
| 2 |
Код системы |
rubbk |
| 700 |
Автор |
_1 |
| a |
Фамилия |
Биржаков |
| b |
Имя |
М. Б. |
| g |
Полное личное имя |
Михаил Борисович |
| 701 |
Альтернативная интеллектуальная ответственность |
_1 |
| a |
Фамилия |
Никифоров |
| b |
Имя |
В. И. |
| g |
Полное личное имя |
Валерий Иванович |
| 711 |
Наименование организации. (Альтернативная ответственность) |
02 |
| a |
Организация/ юрисдикция |
Междунар. туристская акад. |
| 801 |
Источник записи |
_0 |
| a |
Страна |
RU |
| b |
Организация |
РУК |
| c |
Дата составления |
20100426 |
| g |
Правила каталогизации |
PSBO |
| 801 |
Источник записи |
_1 |
| a |
Страна |
RU |
| b |
Организация |
РУК |
| c |
Дата составления |
20100426 |
| g |
Правила каталогизации |
PSBO |
| 852 |
Данные о местонахождении |
__ |
| j |
Шифр хранения |
ББК 75 |
| i |
Авторский знак |
Б 64 |
| 901 |
Тип документа |
__ |
| t |
Тип документа |
m |
| 938 |
Служебная информация |
__ |
| a |
Название организации |
Головной вуз |
| b |
Имя БД |
BOOK |
| c |
Название АИБС |
АИБС ИРБИС |